000
00293nam a22001217a 4500
020
_a
0-412-25090-X
082
_a
006.6 HAR'C
100
_a
HARRIS, DENNIS
_9
66672
245
_a
COMPUTER GRAPHICS AND APPLICATIONS
260
_a
LONDON
_b
CHAPMAN & HALL
_c
1984
300
_a
IX, 174P
942
_c
BK
999
_c
574605
_d
574605